| 000 | 01011cam a2200325 i 4500 | ||
|---|---|---|---|
| 001 | 768714001 | ||
| 003 | CO-MdFUSB | ||
| 005 | 20230530112743.0 | ||
| 007 | ta | ||
| 008 | 211120t1987 uk ||||| |||| 00| 0 eng d | ||
| 020 | _a0-334-02206-1 | ||
| 040 |
_bspa. _aCO-MdFUSB _cCO-MdFUSB _dCO-MdFUSBC _erda |
||
| 041 | _aeng | ||
| 082 | 0 | 4 |
_223 _aR 230.03 _b R521n |
| 245 | 1 | 0 |
_aA new dictionary of Christian theology _c / editores: Alan Richardson, John Bowden |
| 264 | 1 |
_aLondon : _bSCM Press, _c[1987] |
|
| 264 | 4 | _c© 1987 | |
| 300 |
_a614 páginas _c; 24 cm |
||
| 336 |
_2rdacontent _atexto _btxt |
||
| 337 |
_2rdamedia _asin mediación _bn |
||
| 338 |
_2rdacarrier _avolumen _bnc |
||
| 500 | _aIncluye índice (p. 613-614) | ||
| 501 | _aPasta dura | ||
| 505 | _aDiccionario de términos relacionados con la teología cristiana | ||
| 653 | _aDiccionario Teológico | ||
| 700 |
_98302 _aRichardson, Alan _eeditor |
||
| 700 | 1 |
_9456 _aBowden, John _d1935-2010 _eeditor |
|
| 942 | _cREF | ||
| 945 | _aMag 1104 | ||
| 999 |
_c46498 _d46498 |
||